Fundamentals of microbiology

Salvato in:
Dettagli Bibliografici
Autore principale: I EDWARD ALCAMO
Natura: Libro
Lingua:Undetermined
Pubblicazione: Boston Jones and Bartlett 2000
Soggetti:
Tags: Aggiungi Tag
Nessun Tag, puoi essere il primo ad aggiungerne! !
Thư viện lưu trữ: Trung tâm Học liệu Trường Đại học Cần Thơ
LEADER 00442nam a2200169Ia 4500
001 CTU_48908
008 210402s9999 xx 000 0 und d
082 |a 579 
082 |b A346 
100 |a I EDWARD ALCAMO 
245 0 |a Fundamentals of microbiology 
245 0 |c I EDWARD ALCAMO 
260 |a Boston 
260 |b Jones and Bartlett 
260 |c 2000 
650 |a microbiology 
980 |a Trung tâm Học liệu Trường Đại học Cần Thơ